Vật lý đại cương

Enregistré dans:
Détails bibliographiques
Auteur principal: Nguyễn Xuân Chi
Format: Livre
Langue:Undetermined
Publié: Hà Nội ĐH và THCN 1969
Sujets:
Tags: Ajouter un tag
Pas de tags, Soyez le premier à ajouter un tag!
Thư viện lưu trữ: Trung tâm Học liệu Trường Đại học Cần Thơ
LEADER 00484nam a2200169Ia 4500
001 CTU_2431
008 210402s9999 xx 000 0 und d
082 |a 530 
082 |b Kh106/T3 
100 |a Nguyễn Xuân Chi 
245 0 |a Vật lý đại cương 
245 0 |c Nguyễn Xuân Chi, Đặng Quang Khang 
260 |a Hà Nội 
260 |b ĐH và THCN 
260 |c 1969 
650 |a optics,physics 
980 |a Trung tâm Học liệu Trường Đại học Cần Thơ